00462nam a2200085Ia 4500008004100000245001100041300027000052650001100322856004300333170517s9999 xx 000 0 und d aPsyWar aThis film explores the evolution of propaganda and public relations in the United States, with an emphasis on the elitist theory of democracy and the relationship between war, propaganda and class. Includes original interviews with a number of dissident scholars... xMedia. uhttp://topdocumentaryfilms.com/psywar/